Premier League Appearances by Nationality: Hungary - Statistics

General Stats
  • This quiz has been taken 18 times
  • The average score is 4 of 10
Answer Stats
Appearances Player % Correct
92 Dominik Szoboszlai
100%
88 Milos Kerkez
82%
172 Zoltan Gera
59%
37 Gabor Kiraly
53%
12 Sandor Torghelle
29%
26 Adam Bogdan
24%
45 Marton Fulop
18%
16 Tamas Priskin
18%
18 Peter Halmosi
12%
18 Akos Buzsaky
6%
No matching quizzes found
Score Distribution
Percent of People with Each Score
Percentile by Number Answered
Your Score History
You have not taken this quiz